ا شتيا ق سعيد کے ا فسا نے ا و ر ا ہل قلم کے تجز ۓ (Record no. 180271)

MARC details
000 -LEADER
fixed length control field 00704nam a22001937a 4500
005 - DATE AND TIME OF LATEST TRANSACTION
control field 20210804130036.0
010 ## - LCCN (DPL NO)
LC control number UR-11170
020 ## - INTERNATIONAL STANDARD BOOK NUMBER
Terms of availability 250.00
International Standard Book Number 9789385849091
035 ## - SYSTEM CONTROL NUMBER
System control number U-9725
037 ## - SOURCE OF ACQUISITION
Source of stock number/acquisition DBAD/PUB
082 ## - DEWEY DECIMAL CLASSIFICATION NUMBER
Classification number ک
100 ## - MAIN ENTRY--PERSONAL NAME
Personal name ز ر ينہ ا لما س
245 ## - TITLE STATEMENT
Title ا شتيا ق سعيد کے ا فسا نے ا و ر ا ہل قلم کے تجز ۓ
Statement of responsibility, etc ز ر ينہ ا لما س
246 ## - VARYING FORM OF TITLE
Title proper/short title Ishtiaqu Sayeed Ke Afsane Aur Ahle Qalam Ke Tajaziye (Urdu)
Remainder of title by Zareena Almas
260 ## - PUBLICATION, DISTRIBUTION, ETC. (IMPRINT)
Place of publication, distribution, etc Thane
Date of publication, distribution, etc 2021 ء
Name of publisher, distributor, etc News Town Publishers
270 ## - ADDRESS
Address B-01,Mira Paradise CHS,Geeta NagarPhase-2Balaji Chowk,Mira Rd.
City Thane
Postal code 401107
Fax number -
300 ## - PHYSICAL DESCRIPTION
Extent 208 ص
Dimensions 22 Cm(Hb)
942 ## - ADDED ENTRY ELEMENTS (KOHA)
Source of classification or shelving scheme Dewey Decimal Classification
Item type Urdu Bks
Call number prefix ک
Call number suffix ز ر ي
Holdings
Withdrawn status Lost status Not for loan Collection code Home library Current library Date acquired Source of acquisition Cost, normal purchase price Full call number Barcode Copy number Cost, replacement price Koha item type
      Fiction D.B.Act.Division Central Library 04/08/2021 DBAD/PUB 250.00 ز ر ي ک U-9725 1 250.00 Urdu Bks

© Delhi Public Library
Hit Counter
free hit counter